| 000 | 01478nam a2200229Ia 4500 | ||
|---|---|---|---|
| 003 | Ost | ||
| 005 | 20260507075736.0 | ||
| 008 | 260507s9999||||xx |||||||||||||| ||und|| | ||
| 040 | _cfsecg | ||
| 041 | _aara | ||
| 082 | _a338.91 | ||
| 100 |
_aعباس، صلاح _eمؤلف |
||
| 245 | 0 |
_aالعولمة وأثرها في البطالة والفقر التكنولوجي للعالم الثالث / _c صلاح عباس |
|
| 260 |
_aالاسكندرية: _bمؤسسة شباب الجامعة, _c2004 |
||
| 300 |
_a224 صفحة؛ _bإيضاحات ؛ _c24 سم |
||
| 504 | _aببلوغرافيا: ص.219 ؛فهرس الأشكال ص.221 الببليوغرافيا ص.220 | ||
| 520 | _aالعولمة وأثرها في البطالة في العالم الثالث،في تركيبة العمالة في العالم الثالث،العولمة والفقر التكنولوجي في العالم الثالث،أهمية التكنولوجيا في التصدي للعولمة-البحث العلمي في العالم الثالث،العالم الثالث وثورة المعلومات-نحو خطة شاملة للنهضة الصناعية في العالم الثالث-أسئلة من التاريخ الصناعي الأوروبي-التعليم الفني في العالم الثالث | ||
| 653 | _aالبطالة-الدول النامية | ||
| 653 | _aالدول النامية | ||
| 653 | _aالعولمة-الدول النامية | ||
| 942 | _cكتاب | ||
| 999 |
_c46095 _d46095 |
||